Normal view
MARC view
- تاريخ العرب - الامبروطية العثمانية
Entry Topical Term
001 - CONTROL NUMBER
- control field: 60937
003 - CONTROL NUMBER IDENTIFIER
- control field: JO-AjAnu
005 - DATE AND TIME OF LATEST TRANSACTION
- control field: 20230606083947.0
008 - FIXED-LENGTH DATA ELEMENTS
- fixed length control field: 230606|| aca||aabn | a|a d
040 ## - CATALOGING SOURCE
- Original cataloging agency: JO-AjAnu
- Transcribing agency: JO-AjAnu
150 ## - HEADING--TOPICAL TERM
- Topical term or geographic name entry element: تاريخ العرب - الامبروطية العثمانية
670 ## - SOURCE DATA FOUND
- Source citation: Work cat.: (JO-AjAnu)31082: تاليف احمد، مبدر محمد علي, author 60936, الدولة العثمانية في عهد السلطان احمد الثالث (1703-1730م)